000 01091nam a2200301 a 4500
001 20858
003 VRT
005 20260206104056.0
008 240318s1946 xx 0 und c
035 _aSNK000409322
039 9 _a202403181750
_bVLOAD
_c201007061235
_dmkuuk10
_c200910091406
_dmtotk02
_c200808251820
_dmbpksh03
040 _aSNK
_bslo
_cSNK
_eAACR2
100 1 _aKarvaš, Peter,
_d1920-1999
_4aut
245 1 0 _aNiet prístavov II
_bnovely
_nkniha druhá
250 _a1. vyd.
260 _aTurčiansky Sv. Martin
_bMatica slovenská
_c1946
300 _a342 s.
910 _abpksh
910 _atotk
942 _2ddc
_cKLDO
_n0
949 _asnklmMK 4537
949 _63869A02356
_abpksh885.4-31
_bbpksh10750
949 _63830001021352
_akurukT18/KARV1-24
_bkuruk2009/F2397
949 _617A0383224
_9P60, <04>, [BOOK], {604}
_asnkSD 622/110/2 D2
_bsnkF 5380/63
949 _617A0383209
_9P60, <04>, [BOOK], {604}
_asnkSD 622/112 D2
_bsnkF 5127/62
949 _617A0383213
_9P60, <04>, [BOOK], {604}
_asnkSD 622/112 D1
_bsnk623/55
999 _c20858
_d20858